000 00887nam a2200313Ia 4500
001 Z_1211
003 CHAP
008 220113s1982 xx 000 0 und d
010 _a164299
040 _cCHAP
082 _a636.0824 H8y
100 _aHunter, R H F
_956948
245 _aFisiología y tecnología de la reproducción de la hembra de los animales domésticos /
_cpor R. H. F. Hunter
260 _aZaragoza :
_bAcribia,
_c1982
300 _a368 p. :
_bilus. ; gráfs.
440 _a
500 _a
503 _a160971, C/E
650 _aAnimales domésticos
_xAnatomía y fisiología I. t.
_9137182
650 _aFisiología animal
_941131
650 _aMamíferos
_xReproducción
_970254
650 _aReproducción animal
_996028
901 _a636.0824 H8y
902 _aA
910 _a1982
942 _c1
942 _cc1
999 _c164299
_d164299